Nomme cet "autre monde" de fiction - Statistiques

Statistiques générales
  • Ce quiz a été pris 32 fois
    5 depuis la dernière actualisation
  • Le résultat moyen est 6 sur 25
Statistiques - réponses
Indice
Autre monde
de fiction
% Correct
Monde où évoluent le Lapin blanc, le Chapelier fou ou encore le Chat du Cheshire Pays des Merveilles
100%
Peter Pan s'y rend en volant Pays imaginaire
100%
Les Pevensie ne pensaient pas trouver un autre monde en traversant une armoire Narnia
80%
Jermey, Ulrich,Odd et Yumi y rencontrent Aelita Lyoko
60%
Pour s'en échapper, Arisu doit triompher de jeux meurtriers Borderland
40%
Monde digital dans lequel les Digimon évoluent Digimonde
40%
Copie parfaite du monde humain tel qu'il existait le 6 novembre 1983, dont le Flagelleur Mental est originaire Monde à l'envers
40%
Dr Strange peut y plier la réalité comme il le veut Dimension miroir
20%
Dans ce monde, des doubles des mages de Fairy Tail ont une toute autre personnalité Edolas
20%
Hilda est la princesse de ce royaume qui a pour symbole la Triforce inversée Lorule
20%
Monde auquel les Pokémon peuvent accéder en rêve Monde des Rêves
20%
Les antagonistes de Poképark 2 s'y terrent Monde des voeux
20%
Yugi y combat Bakura, Pegasus ou encore Marek avec ses cartes de Duel de Monstres Royaume des Ombres
20%
Monde dont Midona et Xantho sont originaires, et où Link a la forme d'un loup Royaume du Crépuscule
20%
Monde apocalyptique accessible grâce au voyage entre les Ultra-Brèches dans l'univers de Pokémon Ultra-Gratte-Ciel
20%
Teto a fait en sorte que tout se règle par des jeux dans ce monde Disboard
0%
Les Cybermen ont envahi ce monde parallèle à celui du Docteur Monde de Pete
0%
Un des 12 mondes accessibles depuisle Nexus, caractérisé par de longs couloirs et des séries de nombre au sol, dans l'univers de Yume Nikki Monde des nombres
0%
Dans Le Garçon et la bête, le héros y reste des années pour s'entraîner Mondes des bêtes
0%
Ainz y est surnommé le roi des Sorciers Nouveau Monde
0%
Dimension parallèle et en apparence en identique au Monde du Chaos dans lequel Bayonetta est invisible Purgatoire
0%
Là d'où viennent tous les personnages vivant maintenant à Storybrook Royaume enchanté
0%
"Le vrai monde" dans Matrix Sion
0%
Ichigo va y rencontrer beaucoup de Shingamis en voulant sauver Rukia Soul Society
0%
Les Yo-Kai de Yo-Kai Watch y vivent Yo-Kai World
0%
Aucun quiz correspondant
Distribution des résultats
% des personnes avec chaque résultat
Percentile par nombre de réponses
Votre historique - résultats
Vous n’avez pas pris ce quiz depuis la dernière actualisation